LOGO ANAGRAMS (Mainly British) - Statistics

General Stats
  • This quiz has been taken 6 times
  • The average score is 11 of 15
Answer Stats
Hint Answer % Correct
Lida Aldi
100%
Dill Lidl
100%
Dadias Adidas
80%
Plape Apple
80%
Dasa Asda
80%
Tobos Boots
80%
Prep drep Dr pepper
80%
Smorirons Morrisons
80%
Netdonin Nintendo
80%
Scote Tesco
80%
Broomblusy Bloomsbury
60%
Parkrim Primark
60%
Lamoy Liar Royal Mail
60%
Sweklar Walkers
60%
Runerura mode Under armour
20%
No matching quizzes found
Score Distribution
Percent of People with Each Score
Percentile by Number Answered
Your Score History
You have not taken this quiz